Telecomunicacions a Catalunya [Recurs electrònic] : objectiu 2010 i més enllà objectiu 2010 i més enllà
Publicado:
Barcelona :
Diputació de Barcelona, Generalitat de Catalunya, Fundació Centre de Documentació Política (CDP) ,
2009
Descripción Física:
1 disc òptic (CD-ROM) ; 12 cm
Colección:
Documents ; 20
Materias:
Telecomunicació -- Catalunya
MARC
| LEADER | 00000nam a2200000Ia 4500 | ||
|---|---|---|---|
| 001 | 22537 | ||
| 008 | 160829s2009 xx 000 0 cat d | ||
| 080 | |a CD-2-27 | ||
| 245 | |a Telecomunicacions a Catalunya [Recurs electrònic] : |b objectiu 2010 i més enllà | ||
| 260 | |a Barcelona : |b Diputació de Barcelona, Generalitat de Catalunya, Fundació Centre de Documentació Política (CDP), |c 2009 | ||
| 300 | |a 1 disc òptic (CD-ROM) ; |c 12 cm | ||
| 490 | |a Documents ; 20 | ||
| 590 | |a A la protada: www.cdp.cat | ||
| 650 | 0 | |a Telecomunicació |z Catalunya |9 14291 | |
| 710 | 1 | |a Catalunya. |b Generalitat |9 12125 | |
| 710 | 2 | |a Fundació Centre de Documentació Política (FCDP) |9 54029 | |
| 710 | 1 | |a Barcelona (Catalunya : Província). |b Diputació |9 52408 | |
| 901 | |a Arxiu | ||
| 942 | |n 1 | ||
| 952 | |0 0 |1 0 |4 0 |6 CD227 |7 1 |9 52912 |a Arxiu |b Arxiu |d 2016-12-01 |l 0 |o CD-2-27 |p 22537 |r 2016-12-01 00:00:00 |w 2016-12-01 |y ARXIU | ||
| 999 | |c 56761 |d 56761 | ||